| 000 | 00677nam a22002177a 4500 | ||
|---|---|---|---|
| 999 |
_c21092 _d21092 |
||
| 003 | AR-CdUCM | ||
| 008 | 190222b ||||| |||| 00| 0 eng d | ||
| 040 |
_aMUNICIPALIDAD PROVINCIAL DEL CUSCO _cBIBLIOTECA MUNICIPAL DEL CUSCO |
||
| 082 |
_a985.019 / _bY92 |
||
| 100 |
_aYule, Paul _943958 |
||
| 245 | _aThe New Incas / | ||
| 260 |
_aLondes : _bYhe New Pyramid Press, _c1983. |
||
| 300 |
_a42 páginas ; _c35 cm. |
||
| 505 | _aContenido : Fotografías -- La ciudad -- Plaza de Armas -- Qoriwayrachina... | ||
| 650 |
_aFotografías _943959 |
||
| 650 |
_aCusco _9772 |
||
| 650 |
_aHistoria. _943960 |
||
| 700 |
_aHemming, Jhon _943961 |
||
| 942 |
_2ddc _cLIBROS |
||
| 945 | _arcc | ||